| 000 | 00000nam##2200000za#4500 |
| 001 | 9.639753 |
| 003 | CaOODSP |
| 005 | 20210624222327 |
| 007 | cr ||||||||||| |
| 008 | 150407|1998||||xxc|||||o f|0| 0 fre|d |
| 040 | |aCaOODSP|bfre |
| 043 | |an-cn--- |
| 086 | 1 |aCi51-86/1998F-PDF |
| 110 | 1 |aCanada. |bCitoyenneté et immigration Canada. |
| 245 | 10|aDe solides assises pour le 21e siècle : |h[ressource électronique]|bnouvelles orientations pour la politique et la législation relatives aux immigrants et aux réfugiés |
| 260 | |aOttawa - Ontario : |bCitoyenneté et Immigration Canada |cc1998. |
| 300 | |a64p. |
| 500 | |aLe n° de catalogue (Ci51-86/1998) et l'ISBN (0-662-64027-6) de l'édition imprimée bilingue ont été incorrectement copiés dans cette édition électronique. |
| 590 | |a12-18-Supp|b2012-04-25 |
| 691 | 07|aPolitique d'immigration|2gcpds |
| 691 | 07|aRéfugié|2gcpds |
| 775 | 08|tBuilding on a strong foundation for the 21st century : |w(CaOODSP)9.695621 |
| 776 | 0#|tBuilding on a strong foundation for the 21st century : |w(CaOODSP)9.660747 |
| 776 | 0#|tDe solides assises pour le 21e siècle : |w(CaOODSP)9.660748 |
| 856 | 40|ahttp://publications.gc.ca|qPDF|s271 Ko|uhttps://publications.gc.ca/collections/Collection/Ci51-86-1998F.pdf |